Nghiên cứu ảnh hưởng của pH thấp lên tốc độ tăng trưởng và tỷ lệ sốang của tôm càng xanh Macrobrachium rosenbergii (de Man, 1987) giai đoạn bột lên giống : Chuyên đề luận sán tiến sỹ

Nội dung đề tài tìm hiểu ảnh hưởng của pH thấp lên tỷ lệ sống và tăng trưởng của tôm càng xanh làm cơ sở để đề xuất biện pháp kỹ thuật nuôi tôm càng xanh vùng đất phèn.

Đã lưu trong:
Bibliografiske detaljer
Hovedforfatter: Nguyễn, Thị Quế Phụng
Format: Bog
Sprog:Undetermined
Udgivet: Cần Thơ Trường Đại học Cần Thơ 2013
Fag:
Tags: Tilføj Tag
Ingen Tags, Vær først til at tagge denne postø!
Thư viện lưu trữ: Trung tâm Học liệu Trường Đại học Cần Thơ
LEADER 01142nam a2200217Ia 4500
001 CTU_204531
008 210402s9999 xx 000 0 und d
082 |a 639.64 
082 |b Ph513 
088 |a TNCS2013-23 
100 |a Nguyễn, Thị Quế Phụng 
245 0 |a Nghiên cứu ảnh hưởng của pH thấp lên tốc độ tăng trưởng và tỷ lệ sốang của tôm càng xanh Macrobrachium rosenbergii (de Man, 1987) giai đoạn bột lên giống : 
245 0 |b Chuyên đề luận sán tiến sỹ 
245 0 |c Nguyễn Thị Quế Phụng 
260 |a Cần Thơ 
260 |b Trường Đại học Cần Thơ 
260 |c 2013 
520 |a Nội dung đề tài tìm hiểu ảnh hưởng của pH thấp lên tỷ lệ sống và tăng trưởng của tôm càng xanh làm cơ sở để đề xuất biện pháp kỹ thuật nuôi tôm càng xanh vùng đất phèn. 
650 |a Kỹ thuật nuôi tôm,Shrimp culture 
904 |i Qhieu 
980 |a Trung tâm Học liệu Trường Đại học Cần Thơ